[Event "Buenos Aires Fiszman Memorial"]
[Site "Buenos Aires"]
[Date "2015.02.25"]
[Round "6"]
[White "Pires, Carlos Martin"]
[Black "Aguila, Gustavo"]
[Result "0-1"]
[WhiteElo "1886"]
[BlackElo "2248"]
[PlyCount "66"]
[EventDate "2015.02.11"]
[EventType "swiss"]
[EventRounds "7"]
[EventCountry "ARG"]
[SourceTitle "CBM 165 Extra"]
[Source "ChessBase"]
[SourceDate "2015.04.21"]
[SourceVersion "1"]
[SourceVersionDate "2015.04.21"]
[SourceQuality "1"]

1. d4 e6 2. c4 Nf6 3. Nf3 Bb4+ 4. Bd2 Qe7 5. a3 Bxd2+ 6. Qxd2 0-0 7. Nc3 d6 8. e3 b6 9. Be2 Bb7 10. 0-0 Nbd7 11. b4 c5 12. bxc5 bxc5 13. Rab1 Nb6 14. Qc2 Rac8 15. Nd2 cxd4 16. exd4 Ba6 17. Nb5 e5 18. Rfc1 Bxb5 19. Rxb5 exd4 20. Nf3 d5 21. Bd3 Qxa3 22. c5 Qa4 23. Qb2 Nc4 24. Bxc4 dxc4 25. Ra1 c3 26. Rxa4 cxb2 27. Rab4 a6 28. Rb7 Rxc5 29. g3 d3 30. Rxb2 Rfc8 31. Rd2 Rc1+ 32. Kg2 Ne4 33. Rxd3 Nc5 0-1

[Event "Buenos Aires Fiszman Memorial"]
[Site "Buenos Aires"]
[Date "2015.02.12"]
[Round "2"]
[White "Caamano, Jorge"]
[Black "Aguila, Gustavo"]
[Result "0-1"]
[WhiteElo "1792"]
[BlackElo "2248"]
[PlyCount "22"]
[EventDate "2015.02.11"]
[EventType "swiss"]
[EventRounds "7"]
[EventCountry "ARG"]
[SourceTitle "CBM 165 Extra"]
[Source "ChessBase"]
[SourceDate "2015.04.21"]
[SourceVersion "1"]
[SourceVersionDate "2015.04.21"]
[SourceQuality "1"]

1. e4 c5 2. Nf3 a6 3. d4 cxd4 4. Nxd4 Nf6 5. Nc3 e5 6. Nde2 Bc5 7. Qd3 Qb6 8. f3 Bf2+ 9. Kd1 Nc6 10. Qd6 Qa5 11. Nd5 Qe1# 0-1

[Event "ARG-chT"]
[Site "Villa Martelli"]
[Date "2008.08.30"]
[Round "4"]
[White "Fiori, Hector Dionisio"]
[Black "Aguila, Gustavo"]
[Result "0-1"]
[WhiteElo "2117"]
[BlackElo "2253"]
[PlyCount "38"]
[EventDate "2008.08.09"]
[EventType "team-tourn"]
[EventRounds "9"]
[EventCountry "ARG"]
[SourceTitle "EXT 2009"]
[Source "ChessBase"]
[SourceDate "2008.11.26"]
[SourceVersion "1"]
[SourceVersionDate "2008.11.26"]
[SourceQuality "1"]

1. e4 c5 2. Nf3 Nc6 3. d4 cxd4 4. Nxd4 g6 5. Nc3 Bg7 6. Be3 Nf6 7. f3 0-0 8. Qd2 d5 9. Nxc6 bxc6 10. 0-0-0 Qc7 11. h4 dxe4 12. h5 Be6 13. hxg6 fxg6 14. Bh6 Rad8 15. Qg5 Rxd1+ 16. Kxd1 Rd8+ 17. Kc1 Bh8 18. fxe4 Ng4 19. Be2 Bf6 0-1

[Event "ARG-chT Magistral"]
[Site "Buenos Aires"]
[Date "2005.06.02"]
[Round "4"]
[White "Aguila, Gustavo"]
[Black "Obregon, Carlos Andres"]
[Result "1/2-1/2"]
[WhiteElo "2265"]
[BlackElo "2310"]
[PlyCount "81"]
[EventDate "2005.05.24"]
[EventType "team"]
[EventRounds "7"]
[EventCountry "ARG"]
[SourceTitle "CBM 106 Extra"]
[Source "ChessBase"]
[SourceDate "2005.07.01"]
[SourceVersion "1"]
[SourceVersionDate "2005.07.01"]
[SourceQuality "1"]

1. Nf3 Nf6 2. b3 g6 3. Bb2 Bg7 4. g3 0-0 5. Bg2 d6 6. d4 Nbd7 7. 0-0 e5 8. dxe5 Ng4 9. h3 Ngxe5 10. Nxe5 Nxe5 11. Qc1 Re8 12. c4 c6 13. Nc3 Be6 14. Kh2 f5 15. Qd2 Qa5 16. Rad1 Rad8 17. f4 Nd7 18. Na4 Qxd2 19. Rxd2 Bxb2 20. Nxb2 Nc5 21. Rfd1 Bf7 22. Bf3 Ne4 23. Rc2 d5 24. cxd5 Rxd5 25. Rxd5 Bxd5 26. Nd3 Re7 27. Ne5 Kg7 28. Bxe4 Bxe4 29. Rd2 Bd5 30. g4 h6 31. Kg3 Kf6 32. e3 Rg7 33. h4 h5 34. g5+ Ke6 35. Kf2 Rg8 36. Ke2 a5 37. Kd3 b6 38. Kc3 Rg7 39. Rb2 Kd6 40. a3 b5 41. Rb1 1/2-1/2

[Event "Villa Ballester IRT op"]
[Site "Villa Ballester"]
[Date "2005.02.01"]
[Round "8"]
[White "Vidmar, Rafael Lucio"]
[Black "Aguila, Gustavo"]
[Result "0-1"]
[WhiteElo "1909"]
[BlackElo "2273"]
[PlyCount "106"]
[EventDate "2005.01.22"]
[EventType "swiss"]
[EventRounds "9"]
[EventCountry "ARG"]
[SourceTitle "CBM 104 Extra"]
[Source "ChessBase"]
[SourceDate "2005.03.01"]
[SourceVersion "1"]
[SourceVersionDate "2005.03.01"]
[SourceQuality "1"]

1. Nf3 Nf6 2. d4 b6 3. c4 e6 4. Nc3 Bb7 5. g3 Bxf3 6. exf3 d5 7. cxd5 Nxd5 8. Bg2 Be7 9. Qa4+ Qd7 10. Qxd7+ Nxd7 11. Nxd5 exd5 12. Be3 0-0 13. 0-0 c5 14. f4 Nf6 15. Rac1 c4 16. a3 b5 17. g4 Nxg4 18. Bxd5 Rac8 19. h3 Nf6 20. Bf3 Rfd8 21. Rfd1 Nd5 22. Rc2 a5 23. Rdc1 a4 24. Kg2 Rc6 25. Kg3 Rg6+ 26. Kh2 Rf6 27. Kg3 g6 28. Re1 Re6 29. Rce2 Bf6 30. Rd1 Red6 31. Be4 Bg7 32. Bf3 Ne7 33. Kh2 Nd5 34. Kg3 Kf8 35. Kh2 Bh6 36. Kg3 Rf6 37. f5 Nxe3 38. fxe3 gxf5 39. Kf2 Ke7 40. Bg2 Rfd6 41. Bf3 Kf6 42. Kg2 Re8 43. Rde1 Rde6 44. Bd5 Rxe3 45. Kf2 f4 46. Bc6 Rb8 47. d5 Ke5 48. Rd1 Kd6 49. Rg1 Rxh3 50. Kg2 Rb3 51. Rf2 Rg8+ 52. Kf1 Rxg1+ 53. Kxg1 f3 0-1

[Event "Villa Ballester LV op"]
[Site "Villa Ballester"]
[Date "2005.01.11"]
[Round "5"]
[White "Flores, Diego"]
[Black "Aguila, Gustavo"]
[Result "1-0"]
[WhiteElo "2486"]
[BlackElo "2273"]
[PlyCount "83"]
[EventDate "2005.01.05"]
[EventType "swiss"]
[EventRounds "9"]
[EventCountry "ARG"]
[SourceTitle "CBM 104 Extra"]
[Source "ChessBase"]
[SourceDate "2005.03.01"]
[SourceVersion "1"]
[SourceVersionDate "2005.03.01"]
[SourceQuality "1"]

1. Nf3 Nf6 2. c4 e6 3. b3 c5 4. Bb2 Nc6 5. e3 d5 6. cxd5 exd5 7. Bb5 Bd6 8. 0-0 Bg4 9. h3 Bh5 10. Bxf6 Qxf6 11. Nc3 Qf5 12. Qb1 Qd7 13. Nh4 a6 14. Qf5 Bg6 15. Qxd7+ Kxd7 16. Be2 Ne7 17. Rac1 b5 18. f4 f6 19. Nxg6 hxg6 20. Bf3 Ke6 21. e4 dxe4 22. Nxe4 Rac8 23. Rfe1 Kd7 24. a4 Nf5 25. Bg4 Kc6 26. axb5+ axb5 27. d4 Bxf4 28. Rxc5+ Kb6 29. Bxf5 gxf5 30. Rxf5 Rc1 31. Kf1 Rxe1+ 32. Kxe1 Be3 33. Rd5 Rh4 34. Nc3 Rxd4 35. Ke2 Bg1 36. Rxb5+ Kc6 37. Rb8 Rd7 38. b4 Ba7 39. Rc8+ Kb7 40. Re8 Bd4 41. Ne4 Be5 42. Nc5+ 1-0

[Event "Buenos Aires-chT Intercoop 30th"]
[Site "Buenos Aires"]
[Date "2004.09.18"]
[Round "5"]
[White "Aguila, Gustavo"]
[Black "Ravazzoli, Omar Alejandro"]
[Result "1/2-1/2"]
[WhiteElo "2273"]
[BlackElo "2060"]
[PlyCount "91"]
[EventDate "2004.08.21"]
[EventType "team"]
[EventRounds "7"]
[EventCountry "ARG"]
[SourceTitle "CBM 102 Extra"]
[Source "ChessBase"]
[SourceDate "2004.11.03"]
[SourceVersion "1"]
[SourceVersionDate "2004.11.03"]
[SourceQuality "1"]

1. Nf3 Nf6 2. b3 d5 3. Bb2 Bg4 4. e3 e6 5. c4 c6 6. Be2 Nbd7 7. Nc3 Bd6 8. cxd5 exd5 9. Nd4 Bxe2 10. Qxe2 g6 11. f4 Qe7 12. 0-0 0-0-0 13. Rac1 Kb8 14. Rfe1 Rhe8 15. Kh1 Rc8 16. d3 h5 17. Qf3 Nc5 18. Rcd1 Ng4 19. g3 f5 20. h3 Nf6 21. Re2 Ka8 22. b4 Ne6 23. Nxe6 Qxe6 24. Na4 Bxb4 25. Bd4 c5 26. Bxf6 Qxf6 27. Qxd5 Qc6 28. Qxc6 Rxc6 29. Nb2 Bc3 30. e4 b5 31. e5 Ra6 32. Rc1 Ra3 33. Nd1 Bd4 34. Rd2 Kb7 35. Rb1 Kc6 36. Rb3 Rxb3 37. axb3 a5 38. Ra2 Ra8 39. Kg2 a4 40. Kf3 Kb7 41. bxa4 Rxa4 42. Re2 Kc6 43. g4 Ra3 44. Rd2 c4 45. gxf5 gxf5 46. Ne3 1/2-1/2

[Event "Buenos Aires-chT Intercoop 30th"]
[Site "Buenos Aires"]
[Date "2004.09.04"]
[Round "3"]
[White "Sorin, Ariel"]
[Black "Aguila, Gustavo"]
[Result "1-0"]
[WhiteElo "2509"]
[BlackElo "2273"]
[PlyCount "77"]
[EventDate "2004.08.21"]
[EventType "team"]
[EventRounds "7"]
[EventCountry "ARG"]
[SourceTitle "CBM 102 Extra"]
[Source "ChessBase"]
[SourceDate "2004.11.03"]
[SourceVersion "1"]
[SourceVersionDate "2004.11.03"]
[SourceQuality "1"]

1. d4 Nf6 2. c4 e6 3. Nf3 b6 4. g3 Bb7 5. Bg2 Bb4+ 6. Bd2 Be7 7. Nc3 0-0 8. 0-0 Na6 9. Qa4 Qc8 10. Bf4 Ne4 11. Rac1 c5 12. Nb5 d6 13. dxc5 Naxc5 14. Qc2 a6 15. Na3 a5 16. Nb5 e5 17. Be3 Bc6 18. Nd2 Nf6 19. Bxc5 dxc5 20. Ne4 Qb7 21. Nxf6+ Bxf6 22. Bxc6 Qxc6 23. Nc3 h5 24. Nd5 g6 25. f4 Kg7 26. Rf3 exf4 27. gxf4 Rae8 28. e4 Bd4+ 29. Kh1 a4 30. f5 g5 31. f6+ Kh6 32. Ne7 Qe6 33. Nf5+ Kh7 34. e5 Kh8 35. Re1 Bxe5 36. Ng7 Qg4 37. Qg2 Rd8 38. Rxe5 Qxc4 39. Rf1 1-0

[Event "Villa Ballester op 54th"]
[Site "Villa Ballester"]
[Date "2004.01.18"]
[Round "9"]
[White "Aguila, Gustavo"]
[Black "Primavera, Cinthia"]
[Result "1-0"]
[WhiteElo "2281"]
[BlackElo "2051"]
[PlyCount "63"]
[EventDate "2004.01.07"]
[EventType "swiss"]
[EventRounds "9"]
[EventCountry "ARG"]
[SourceTitle "CBM 098 Extra"]
[Source "ChessBase"]
[SourceDate "2004.03.10"]
[SourceVersion "2"]
[SourceVersionDate "2004.03.10"]
[SourceQuality "1"]

1. Nf3 d5 2. b3 c5 3. e3 f6 4. d4 Nc6 5. Bb2 Bg4 6. Be2 e6 7. 0-0 Bd6 8. c4 Nge7 9. cxd5 Nxd5 10. Nc3 0-0 11. Nxd5 exd5 12. dxc5 Bxc5 13. h3 Bh5 14. Rc1 Bb6 15. Qd2 Re8 16. Rfd1 Bf7 17. Nd4 Nxd4 18. Bxd4 Bc7 19. Bf3 Qd6 20. g3 Qd7 21. Bg4 f5 22. Bf3 Rad8 23. Qc3 Bb8 24. Bxg7 f4 25. Bh8 Be6 26. Rxd5 Qe7 27. Rxd8 Rxd8 28. Bf6 Qf8 29. Bxd8 Qxd8 30. exf4 Bxh3 31. g4 Bxf4 32. Qc4+ 1-0

[Event "Villa Ballester op 54th"]
[Site "Villa Ballester"]
[Date "2004.01.16"]
[Round "7"]
[White "Aguila, Gustavo"]
[Black "Sambuco Salomone, Lucas"]
[Result "1-0"]
[WhiteElo "2281"]
[BlackElo "2064"]
[PlyCount "101"]
[EventDate "2004.01.07"]
[EventType "swiss"]
[EventRounds "9"]
[EventCountry "ARG"]
[SourceTitle "CBM 098 Extra"]
[Source "ChessBase"]
[SourceDate "2004.03.10"]
[SourceVersion "2"]
[SourceVersionDate "2004.03.10"]
[SourceQuality "1"]

1. Nf3 d5 2. g3 Nf6 3. Bg2 c6 4. 0-0 Bf5 5. d3 Nbd7 6. Nbd2 e6 7. Qe1 h6 8. e4 dxe4 9. dxe4 Bh7 10. Qe2 e5 11. b3 Qc7 12. Bb2 Be7 13. Nc4 Bxe4 14. Nfxe5 Bxg2 15. Kxg2 0-0 16. Ng6 fxg6 17. Qxe7 Rae8 18. Qb4 c5 19. Qc3 Rf7 20. Qd3 Re6 21. Rad1 g5 22. Ne3 Qc6+ 23. Kg1 Ne5 24. Bxe5 Rxe5 25. Qc4 Qe6 26. Rd8+ Rf8 27. Rfd1 Qxc4 28. Nxc4 Re1+ 29. Rxe1 Rxd8 30. Re5 Rd5 31. Kf1 b5 32. Rxd5 Nxd5 33. Nd6 a6 34. c4 Nb4 35. a3 Nc2 36. cxb5 axb5 37. Nxb5 Na1 38. Ke2 Nxb3 39. Ke3 Na5 40. Ke4 Kf7 41. Kd5 c4 42. Nd6+ Kf6 43. Nxc4 Nb3 44. a4 h5 45. a5 Nxa5 46. Nxa5 Kf5 47. f3 g4 48. f4 g5 49. fxg5 Kxg5 50. Ke5 h4 51. Nc4 1-0

[Event "Villa Ballester op 54th"]
[Site "Villa Ballester"]
[Date "2004.01.13"]
[Round "5"]
[White "Aguila, Gustavo"]
[Black "Parma, Pamela"]
[Result "1-0"]
[WhiteElo "2281"]
[BlackElo "1931"]
[PlyCount "95"]
[EventDate "2004.01.07"]
[EventType "swiss"]
[EventRounds "9"]
[EventCountry "ARG"]
[SourceTitle "CBM 098 Extra"]
[Source "ChessBase"]
[SourceDate "2004.03.10"]
[SourceVersion "2"]
[SourceVersionDate "2004.03.10"]
[SourceQuality "1"]

1. Nf3 d5 2. d4 Nf6 3. Bf4 e6 4. e3 Be7 5. Bd3 Nbd7 6. c3 c6 7. Nbd2 Qb6 8. Qc2 a5 9. h3 c5 10. Ne5 c4 11. Be2 Nxe5 12. Bxe5 Bd7 13. 0-0 Qc6 14. Bf3 Rc8 15. e4 b5 16. Rae1 0-0 17. Bg3 dxe4 18. Bxe4 Nxe4 19. Rxe4 Qb6 20. Rfe1 Bc6 21. Re5 Bf6 22. R5e3 Qb7 23. f3 Rfd8 24. a4 Bd5 25. axb5 Qxb5 26. Ra1 Qb6 27. Re2 Bb7 28. Bf2 Rd5 29. Ra4 Qb5 30. Re1 Qa6 31. Qb1 Rc7 32. Qa2 h6 33. Ra1 Rg5 34. Rxa5 Rxa5 35. Qxa5 Qc6 36. Ra4 Qd6 37. Rxc4 Rxc4 38. Nxc4 Qf4 39. Ne3 e5 40. d5 e4 41. Qb4 Be5 42. Qxb7 Qh2+ 43. Kf1 Qh1+ 44. Ke2 exf3+ 45. Kxf3 Qh2 46. Qc8+ Kh7 47. Qf5+ Kg8 48. Ng4 1-0

[Event "Cipolletti"]
[Site "Cipolletti"]
[Date "2003.12.30"]
[Round "9.5"]
[White "Aguila, Gustavo"]
[Black "Salazar, Carlos"]
[Result "1/2-1/2"]
[WhiteElo "2281"]
[BlackElo "2181"]
[PlyCount "31"]
[EventDate "2003.12.26"]
[EventType "tourn"]
[EventRounds "9"]
[EventCountry "ARG"]
[EventCategory "3"]
[SourceTitle "CBM 098 Extra"]
[Source "ChessBase"]
[SourceDate "2004.03.10"]
[SourceVersion "2"]
[SourceVersionDate "2004.03.10"]
[SourceQuality "1"]

1. d4 e6 2. c4 f5 3. Nf3 Nf6 4. g3 d5 5. Bg2 c6 6. 0-0 Bd6 7. b3 Qe7 8. a4 a5 9. Ba3 b6 10. Qc1 0-0 11. Bxd6 Qxd6 12. Qf4 Qxf4 13. gxf4 Na6 14. Na3 Bb7 15. Ne5 Rfd8 16. e3 1/2-1/2

[Event "Cipolletti"]
[Site "Cipolletti"]
[Date "2003.12.29"]
[Round "8.1"]
[White "Pacheco, Daniel"]
[Black "Aguila, Gustavo"]
[Result "0-1"]
[WhiteElo "2332"]
[BlackElo "2281"]
[PlyCount "134"]
[EventDate "2003.12.26"]
[EventType "tourn"]
[EventRounds "9"]
[EventCountry "ARG"]
[EventCategory "3"]
[SourceTitle "CBM 098 Extra"]
[Source "ChessBase"]
[SourceDate "2004.03.10"]
[SourceVersion "2"]
[SourceVersionDate "2004.03.10"]
[SourceQuality "1"]

1. d4 Nf6 2. c4 c5 3. dxc5 e6 4. g3 Bxc5 5. Bg2 0-0 6. Nf3 Nc6 7. 0-0 d5 8. a3 a5 9. Nc3 Re8 10. Qc2 d4 11. Rd1 Qe7 12. Na4 e5 13. Bg5 e4 14. Bxf6 gxf6 15. Nh4 Ba7 16. c5 Bg4 17. f3 d3 18. Qc4 Ne5 19. Qxe4 dxe2 20. Qxe2 Nxf3+ 21. Bxf3 Qxe2 22. Bxe2 Bxe2 23. Re1 Bb5 24. Nb6 Bxb6 25. cxb6 Ra6 26. Rxe8+ Bxe8 27. Rd1 Rxb6 28. Rd2 Rb5 29. Ng2 Kf8 30. Ne3 Bc6 31. Kf2 Ke7 32. Ke2 f5 33. Kd3 Re5 34. Ke2 Re4 35. Rd4 Ke6 36. Rd2 f4 37. gxf4 Rxf4 38. Nc2 Ke5 39. Ne1 Ke4 40. Kd1 Ba4+ 41. Kc1 Bb5 42. Rg2 h5 43. Kd2 Rg4 44. Rf2 Rf4 45. Rg2 Rg4 46. Rf2 f5 47. Nf3 Rg8 48. h4 f4 49. Ng5+ Kf5 50. Kc3 Bc6 51. Kd4 Rd8+ 52. Kc4 Rd1 53. b4 axb4 54. axb4 Rc1+ 55. Kd4 Rh1 56. Nf7 f3 57. b5 Rxh4+ 58. Ke3 Bd5 59. Nd6+ Ke5 60. Nc8 Rb4 61. Rd2 Rxb5 62. Ne7 Rb3+ 63. Kf2 Be4 64. Kg3 h4+ 65. Kf2 Kf4 66. Ng8 Rb6 67. Ra2 Rg6 0-1

[Event "Villa Ballester de Invierno op 3rd"]
[Site "Villa Ballester"]
[Date "2003.09.13"]
[Round "1"]
[White "Sambuco Salomone, Lucas"]
[Black "Aguila, Gustavo"]
[Result "0-1"]
[WhiteElo "2054"]
[BlackElo "2305"]
[PlyCount "60"]
[EventDate "2003.09.13"]
[EventType "swiss"]
[EventRounds "7"]
[EventCountry "ARG"]
[SourceTitle "CBM 096 Extra"]
[Source "ChessBase"]
[SourceDate "2003.10.22"]
[SourceVersion "2"]
[SourceVersionDate "2003.10.20"]
[SourceQuality "1"]

1. d4 g6 2. c4 Bg7 3. Nc3 Nf6 4. e4 0-0 5. Nf3 c6 6. Be2 d5 7. e5 Ne4 8. Nxe4 dxe4 9. Ng5 c5 10. dxc5 Qa5+ 11. Bd2 Qxc5 12. Nxe4 Qxe5 13. Nc3 Nc6 14. 0-0 Rd8 15. Re1 Be6 16. Bf3 Qc5 17. Bd5 Bxc3 18. Bxc3 Bxd5 19. cxd5 Rxd5 20. Qb3 b5 21. Rac1 Rf5 22. Qc2 b4 23. Bg7 Qxc2 24. Rxc2 Kxg7 25. Rxc6 Ra5 26. Ra1 Rd8 27. Kf1 Rd2 28. b3 Raxa2 29. Rxa2 Rxa2 30. Rc7 Kf6 0-1

[Event "ARG-ch 77th"]
[Site "Tres de Febrero"]
[Date "2003.09.05"]
[Round "3"]
[White "Aguila, Gustavo"]
[Black "Medina, Sergio"]
[Result "1-0"]
[WhiteElo "2305"]
[BlackElo "2142"]
[PlyCount "93"]
[EventDate "2003.09.03"]
[EventType "swiss"]
[EventRounds "9"]
[EventCountry "ARG"]
[SourceTitle "CBM 096 Extra"]
[Source "ChessBase"]
[SourceDate "2003.10.22"]
[SourceVersion "2"]
[SourceVersionDate "2003.10.20"]
[SourceQuality "1"]

1. Nf3 c5 2. c4 g6 3. e4 Bg7 4. d4 d6 5. d5 Nf6 6. Nc3 0-0 7. Bd3 Bg4 8. h3 Bxf3 9. Qxf3 Nbd7 10. 0-0 Ne8 11. Bg5 h6 12. Be3 Qb6 13. Qe2 Ne5 14. Rab1 Qb4 15. f4 Nxd3 16. Qxd3 a6 17. Bd2 Qb6 18. Rfe1 e5 19. f5 Nf6 20. g4 Kh7 21. Kh2 Qd8 22. Rg1 b5 23. a3 bxc4 24. Qxc4 Qe7 25. Nd1 gxf5 26. gxf5 Nh5 27. Qe2 Nf4 28. Qf3 c4 29. Ne3 Rac8 30. Rbc1 Nd3 31. Rxg7+ Kxg7 32. f6+ Qxf6 33. Rg1+ Qg6 34. Nxc4 Nxb2 35. Nxb2 Rc2 36. Qe3 Rxb2 37. Qxh6+ Kg8 38. Rxg6+ fxg6 39. Qxg6+ Kh8 40. Qh6+ Kg8 41. Kg3 Rb3+ 42. Kh4 Rff3 43. Qe6+ Kh7 44. Qd7+ Kg8 45. Bg5 Rxa3 46. Kh5 Rf7 47. Qe8+ 1-0

[Event "ARG-ch 77th"]
[Site "Tres de Febrero"]
[Date "2003.09.04"]
[Round "2"]
[White "Fiorito, Fabian"]
[Black "Aguila, Gustavo"]
[Result "1-0"]
[WhiteElo "2422"]
[BlackElo "2305"]
[PlyCount "67"]
[EventDate "2003.09.03"]
[EventType "swiss"]
[EventRounds "9"]
[EventCountry "ARG"]
[SourceTitle "CBM 096 Extra"]
[Source "ChessBase"]
[SourceDate "2003.10.22"]
[SourceVersion "2"]
[SourceVersionDate "2003.10.20"]
[SourceQuality "1"]

1. Nf3 c5 2. e4 Nc6 3. Bb5 g6 4. Bxc6 dxc6 5. d3 Bg7 6. Nc3 Nf6 7. h3 0-0 8. Be3 Nd7 9. Qd2 Qa5 10. Bh6 Rd8 11. h4 Bh8 12. h5 c4 13. hxg6 hxg6 14. Bg5 f6 15. Be3 Nf8 16. d4 Be6 17. Bh6 g5 18. Bxf8 Rxf8 19. Qe2 Bf7 20. e5 Bg6 21. Qxc4+ Kg7 22. 0-0-0 Bf7 23. Qd3 Bg6 24. Qe3 b5 25. Nxg5 fxg5 26. Qxg5 Qd8 27. Rh6 Qe8 28. Rdh1 Rg8 29. Rh7+ Kf8 30. Rxh8 Qf7 31. Rxg8+ Kxg8 32. f3 Rd8 33. Rh6 Kg7 34. Rxg6+ 1-0

[Event "Vicente Lopez IRT op"]
[Site "Vicente Lopez"]
[Date "2003.08.02"]
[Round "9.7"]
[White "Bernal, Gustavo"]
[Black "Aguila, Gustavo"]
[Result "0-1"]
[WhiteElo "2142"]
[BlackElo "2305"]
[PlyCount "128"]
[EventDate "2003.07.25"]
[EventType "swiss"]
[EventRounds "10"]
[EventCountry "ARG"]
[SourceTitle "CBM 095 Extra"]
[Source "ChessBase"]
[SourceDate "2003.09.04"]
[SourceVersion "1"]
[SourceVersionDate "2003.09.04"]
[SourceQuality "1"]

1. d4 Nf6 2. c4 c5 3. d5 e5 4. Nc3 d6 5. e4 g6 6. Bg5 Bg7 7. Bd3 a6 8. f3 Nbd7 9. a4 Qb6 10. Nge2 h6 11. Be3 Nh5 12. Qd2 Nf4 13. Nxf4 exf4 14. Bxf4 Ne5 15. 0-0 g5 16. Bg3 Qb4 17. Qe2 Bd7 18. Kh1 0-0 19. Nd1 f5 20. Be1 Qb6 21. a5 Qd8 22. exf5 Nxd3 23. Qxd3 Bxf5 24. Qb3 Qd7 25. Ne3 Bg6 26. Bc3 Rae8 27. Bxg7 Qxg7 28. Rfe1 Re7 29. Ng4 h5 30. Rxe7 Qxe7 31. Nf2 Re8 32. Qc3 Bf5 33. Ne4 Bxe4 34. fxe4 Qxe4 35. Rf1 Re5 36. h3 h4 37. Kh2 Kg7 38. Qf3 Qxf3 39. Rxf3 Re4 40. Rb3 Rxc4 41. Rxb7+ Kf6 42. Rb6 Ke5 43. Rxa6 Rb4 44. Rb6 Kxd5 45. Rxb4 cxb4 46. a6 Kc6 47. a7 Kb7 48. a8Q+ Kxa8 49. g3 Kb7 50. gxh4 gxh4 51. Kg2 Kc6 52. Kf3 Kd5 53. Kg4 Ke4 54. Kxh4 d5 55. Kg3 Ke3 56. Kg2 Ke2 57. h4 d4 58. h5 d3 59. h6 d2 60. h7 d1Q 61. h8Q Qf1+ 62. Kh2 Qf4+ 63. Kh1 Kf2 64. Qh3 Qc1+ 0-1